Facultad de Derecho – Universidad Nacional de Mar del Plata

Los Tratados bilaterales de Inversión y el Arbitraje internacional. (Record no. 4463)

MARC details
000 -CABECERA
campo de control de longitud fija 00831nam a22001577a 4500
020 ## - NUMERO INTERNACIONAL NORMALIZADO PARA LIBROS (ISBN)
International Standard Book Number 9789503312711
080 ## - NUMERO DE CLASIFICACION DECIMAL UNIVERSAL (CDU)
Número de la Clasificación Decimal Universal 341.63 Ac 69
100 ## - ASIENTO PRINCIPAL--NOMBRE PERSONAL
Nombre personal Acosta Juan Francisco
245 ## - MENCION DE TITULO
Título propiamente dicho Los Tratados bilaterales de Inversión y el Arbitraje internacional.
Parte restante del título la experiencia argentina reciente
260 ## - PUBLICACION, DISTRIBUCION, ETC. (PIE DE IMPRENTA)
Lugar de publicación, distribución, etc. Córdoba
Nombre del editor, distribuidor, etc. Universidad nacional de Córdoba
Fecha de publicación, distribución, etc. 2016
300 ## - DESCRIPCION FISICA
Extensión 408 P.
Dimensiones 23 x 16 Cm.
490 ## - MENCION DE SERIE
Mención de serie Textos de Estudio
650 ## - ASIENTO SECUNDARIO DE MATERIA - TERMINO TEMATICO
Subdivisión general derecho comercial
-- comercio internacional
-- derecho internacional publico
-- inversiones extranjeras
-- ley 14222
-- ley 14780
-- ley18587
-- ley 19151
-- ley 20557
-- ley 21382
-- joint venture
-- doctrina Calvo
-- tratados bilaterales de inversion
-- TBIS
-- CIADI
-- arbitraje internacional
-- exequatur
-- laudo arbitral
-- caso Vivendi
-- caso Lanco
-- caso CMS
-- caso Maffezini
-- caso Wena
942 ## - ELEMENTOS AGREGADOS (KOHA)
Clasificación normalizada de Koha para alfabetizar _
945 ## - INFORMACION DE PROCESAMIENTO LOCAL
Responsable de carga/modificación Celeste Delía
AAAA-MM-DD - Fecha de ingreso/modificación 2017-06-01
Holdings
Retirado Perdido Fuente de clasificación Dañado No se presta Ubicación permanente Locación actual Estante o sala Fecha de adquisición Total préstamos Signatura topográfica Inventario Ultima fecha vista Ultima fecha prestado Fecha del precio Tipo de item de Koha Total renovaciones
          Bib. Derecho Bib. Derecho Sala de Lectura 01/06/2017 2 341.63 Ac 69 203405 10/06/2019 06/06/2019 01/06/2017 LIBRO (Consulta)  
          Bib. Derecho Bib. Derecho Sector Prestamo 01/06/2017 4 341.63 Ac 69 203404 29/11/2023 15/11/2023 01/06/2017 LIBRO 2
          Bib. Derecho Bib. Derecho Sector Prestamo 08/11/2019   341.63 Ac 69 204087 08/11/2019   08/11/2019 LIBRO  

XHTML | CSS | ©Biblioteca Central - Dto. Tecnología de la Información - [ Con tecnología Koha ]